| 000 | 00701nam a2200193Ia 4500 | ||
|---|---|---|---|
| 008 | 151121s9999||||xx |||||||||||||| ||und|| | ||
| 082 | _a814/दाभोल | ||
| 082 | _bHNW-112477 | ||
| 100 | _aदाभोलकर नरेंद्र | ||
| 245 | _aझपाटलेपण ते जाणतेपण | ||
| 260 | _b"साधना प्रकाशन, पुणे।" | ||
| 260 | _c2010 | ||
| 300 | _a248 | ||
| 600 | _aदाभोलकर नरेंद्र | ||
| 630 | _aझपाटलेपण ते जाणतेपण | ||
| 700 | _aदाभोलकर नरेंद्र | ||
| 730 | _aझपाटलेपण ते जाणतेपण | ||
| 942 | _cBOOK | ||
| 999 |
_c1261798 _d1261795 |
||